000 02147nam a2200337 i 4500
003 DO-SdBNP
005 20250702142030.0
007 ta
008 250702b2024 dr a|||| |||| 00| 0 spa d
020 _a9789945892444
040 _aDO-SdBNP
_bspa
_cBNPHU
_erda
041 _aspa
082 4 _bxxx
_aV468a
_222
100 1 _aVentura, Rafael David Francisco,
_d1974
_eautor
_4aut.
_988232
245 1 0 _aAprendizaje y enseñanza de la matemática :
_bun enfoque didáctico para un aprendizaje efectivo /
_cRafael David Francisco Ventura ; revisión técnica, Bilda Valentín y Francisco Ceballos ; corrección, Pablo Master ; prólogo, Dra. Bilda Valentín.
250 _aPrimera edición
264 4 _aSanto Domingo, República Dominicana :
_bValdivia Editorial,
_c©2024.
300 _a144 páginas :
_bilustraciones ;
_c28 cm.
336 _atexto
_btxt
_2rdacontent
337 _asin mediación
_bn
_2rdamedia
338 _avolumen
_bnc
_2rdacarrier
500 _aIncluye datos biográficos del autor en la contracubierta.
504 _aBibliografía: páginas 139-144
505 _aPrólogo -- Introducción -- Didáctica de la matemática -- Las teorías del aprendizaje y su importancia en la enseñanza de la matemática -- Metodología y estrategia en el proceso de enseñanza aprendizaje de la matemática -- La planificación de la práctica docente -- El enfoque por competencias en la enseñanza de la matemática -- Análisis e interpretación de pruebas (exámenes) -- Uso de la tecnología digital en la enseñanza aprendizaje de la matemática -- Influencia de los juegos y los recursos manipulativos en el proceso de enseñanza aprendizaje de la matemática -- Matemática y recreación -- Neurociencia y la educación matemática -- Las 4 claves para el aprendizaje de la matemática -- Para qué enseñar y aprender matemática -- Frases célebres de matemática.
590 _aInventariado, 2025 /LP
700 1 _aValentín, Bilda,
_eprologuista
_4pr.
_955701
700 1 _aCeballos, Francisco
_erevisor
_4re.
_988233
700 1 _aMaster, Pablo,
_ecorrector
_4corr.
_988234
910 _aLP
942 _2ddc
_cLBS1
999 _c58715
_d58715